000
00290nam a2200097Ia 4500
008
230915s9999 xx 000 0 und d
050
_a
KZ6530.K58 2012
100
_a
KITUO CHA SHERIA
245
0
_a
KITUO CHA SHERIA: TRAINING MANUAL ON REFUGEE LAW FOR LAWYERS AND LAW STUDENTS
942
_c
BK
999
_c
166489
_d
166489